| 000 | 00876nam a22001937a 4500 | ||
|---|---|---|---|
| 005 | 20251108173459.0 | ||
| 008 | 250721s2006 xx 000 0 ara d | ||
| 082 | 1 | 4 | _a920.256511/عبا |
| 100 | 1 | _aالعبادي، تيسير محاميد | |
| 245 | 1 | 0 | _aبلدتي.. وادي السير (جولات و مشاهدات على القرى و التجمعات السكانية في وادي السير، العادات ،التقاليد ،الشخصيات، لقاءات مع شيوخ ومخاتير و وجهاء عشائر الفقهاء 2003-2006 / |
| 264 | 1 |
_aعمان : _bالعبادي، _c2006. |
|
| 300 | _a550 ص. | ||
| 490 | 0 |
_aالقرى و التجمعات السكانية لقبيلة عباد _v1 |
|
| 650 | 1 | 7 | _aتاريخ الأردن |
| 650 | 1 | 7 | _aالعشائر |
| 650 | 1 | 7 | _aالعادات و التقاليد |
| 942 |
_2ddc _cBK |
||
| 999 |
_c104885 _d104885 |
||